| 000 | 00395nam a2200121Ia 4500 | ||
|---|---|---|---|
| 008 | 170221s9999 xx 000 0 und d | ||
| 100 | _aWang Chun Wei | ||
| 245 | _aInformed Trading, Flow Toxicity and the Impact on Intraday Trading Factors | ||
| 245 | _cWang Chun Wei, Dionigi Gerace, and Alex Frino | ||
| 260 | _c2013 | ||
| 650 | _xBusiness | ||
| 856 | _uhttp://ro.uow.edu.au/aabfj/vol7/iss2/2/ | ||
| 999 |
_c309583 _d309583 |
||